000 01682nam a22002537a 4500
999 _c61255
_d61255
003 Ge_BSU
005 20240112154505.0
008 240112s2022 ge ||||| |||| 00| 0 geo d
020 _a9739941828249
041 _ageo
080 _a657.15(075.8) ფ-59
245 _aფინანსური აღრიცხვა :
_bსახელმძღვანელო განკუთვნილია უმაღლესი და პროფესიული სასწავლებლების სტუდენტებისა და ამ საკითხებით დაინტერესებულ პირთათვის /
_cავტორები: ლ. საბაური, ნ. კვატაშიძე, ზ. გოგრიჭიანი [და სხვა] ; სამეცნიერო რედაქტორი ლევან საბაური.
264 _aთბილისი :
_bკოლორი,
_c2022.
300 _a512 გვ. :
_b სქ. ;
_c29 სმ.
504 _aბიბლიოგრაფია: გვ. 492-497.
653 _aფინანსური აღრიცხვა
700 _aსაბაური, ლ.
_eავტორი, რედაქტორი
_921039
700 _aკვატაშიძე, ნ.
_eავტორი
_914156
700 _aგოგრიჭიანი, ზ.
_eავტორი
_921040
700 _aხორავა, ა.
_eავტორი
_914157
700 _aსრესელი, ნ.
_eავტორი
_920462
700 _aვარდიაშვილი, მ.
_eავტორი
_913255
942 _2udc
_cᲬᲘᲒᲜᲘ